000 00883nam a22002417a 4500
003 OSt
005 20150123081930.0
008 150120b xxu||||| |||| 00| 0 eng d
020 _a978-607-32-0983-0
040 _cBMC
082 _a658.15
100 1 _aGitman, Lawrence J.
_98870
245 1 0 _aPrincipios de administración financiera
_cLawrence J. Gitman, Chad J. Zutter ; traducción, Antonio Enriquez Brito ; revisión técnica, Alejandro Medellín Palencia...[et al.]
250 _a12ª ed
260 _aJuárez (México) [etc.]
_bPearson Educación
_c2012
300 _aXLVIII, 580, [71] p.
_bil.
_c26 cm
595 _aTraducido de: Principles of managerial finance brief
650 2 4 _aEmpresas
_xFinanzas
_95713
700 1 _930424
_aZutter, Chad J.‏
700 1 _930425
_aEnríquez Brito, Antonio
700 1 _930423
_aMedellín Palencia, Alejandro
942 _2ddc
_cBK
999 _c17495
_d17495